[Event "MCR mladeze 2014, H16"]
[Site "Kouty nad Desnou"]
[Date "2014.03.14"]
[Round "8"]
[White "Miculka, David"]
[Black "Horak, Ales"]
[Result "1/2-1/2"]
[WhiteElo "1931"]
[BlackElo "1957"]
[PlyCount "79"]
[EventDate "2014.03.08"]

1. e4 c5 2. Nf3 Nc6 3. Bb5 e6 4. O-O g6 5. c3 Bg7 6. d4 cxd4 7. cxd4 a6 8. Ba4
b5 9. Bb3 d6 10. d5 Na5 11. dxe6 fxe6 12. Bg5 Qb6 13. Nc3 Ne7 14. e5 d5 15.
Bxe7 Kxe7 16. Bxd5 Rd8 17. Bxa8 Rxd1 18. Rfxd1 Nc4 19. b3 Nxe5 20. Rac1 Qb8 21.
Be4 Bd7 22. Ne2 Nxf3+ 23. Bxf3 Be5 24. g3 Qb6 25. Rc2 b4 26. Rcd2 Be8 27. Nd4
Kf6 28. Nc2 Ke7 29. Ne3 Bb5 30. Re1 Qb8 31. Red1 Bc3 32. Rc2 Qf8 33. Be2 Bc6
34. Bf1 Bf3 35. Be2 Be4 36. Bd3 Bb7 37. Bf1 Bf3 38. Be2 Be4 39. Bd3 Ba8 40. Bf1
1/2-1/2

[Event "MCR mladeze 2014, H16"]
[Site "Kouty nad Desnou"]
[Date "2014.03.14"]
[Round "8"]
[White "Stepan, Patrik"]
[Black "Bares, Jachym"]
[Result "1/2-1/2"]
[WhiteElo "1758"]
[BlackElo "1736"]
[PlyCount "59"]
[EventDate "2014.03.08"]

1. Nf3 Nc6 2. d4 d5 3. g3 Nf6 4. Bg2 g6 5. O-O Bg7 6. b3 O-O 7. Bb2 e6 8. c4
Ne7 9. Nbd2 c6 10. Rc1 Nf5 11. Qc2 Re8 12. e4 Ne7 13. Rfe1 Nd7 14. Ba3 Nb6 15.
Bc5 Bd7 16. Ne5 f6 17. Nxd7 Qxd7 18. Bh3 f5 19. cxd5 cxd5 20. exf5 exf5 21. Nf3
Nc6 22. Bg2 Rac8 23. Qd2 Qf7 24. Ng5 Qd7 25. Nh3 Qf7 26. Nf4 Bh6 27. Bxb6 Bxf4
28. Qxf4 axb6 29. h4 Kg7 30. Kh2 1/2-1/2

[Event "MCR mladeze 2014, H16"]
[Site "Kouty nad Desnou"]
[Date "2014.03.14"]
[Round "8"]
[White "Krutsky, Martin"]
[Black "Zeman, Radek"]
[Result "1-0"]
[WhiteElo "1800"]
[BlackElo "1902"]
[PlyCount "71"]
[EventDate "2014.03.08"]

1. e4 e5 2. Nf3 Nc6 3. Bb5 Nge7 4. c3 d5 5. Nxe5 dxe4 6. Nxc6 Nxc6 7. O-O Bf5
8. Qe2 Qd5 9. d4 Be7 10. Be3 O-O 11. Nd2 a6 12. Bc4 Qd6 13. f3 exf3 14. Qxf3
Bg6 15. Bf4 Qd7 16. Ne4 Bd6 17. Nxd6 cxd6 18. Bd3 Bxd3 19. Qxd3 Rfe8 20. Rf2
Re7 21. Raf1 d5 22. Qg3 f6 23. Bd6 Re6 24. Rxf6 Rxf6 25. Rxf6 Kh8 26. Rf1 Re8
27. Qf4 h6 28. Bc5 Qe6 29. Qf7 Qe3+ 30. Kh1 Qe2 31. Bf8 Rxf8 32. Qxf8+ Kh7 33.
Qf5+ Kh8 34. Qf2 Qc4 35. Qf8+ Kh7 36. Rf7 1-0

[Event "MCR mladeze 2014, H16"]
[Site "Kouty nad Desnou"]
[Date "2014.03.14"]
[Round "8"]
[White "Skorepa, Jakub"]
[Black "Krajicek, Filip"]
[Result "1-0"]
[WhiteElo "1797"]
[BlackElo "1671"]
[PlyCount "41"]
[EventDate "2014.03.08"]

1. e4 c5 2. Nf3 d6 3. d4 cxd4 4. Nxd4 g6 5. c4 Bg7 6. Be3 Nc6 7. Nc3 Nf6 8. Be2
O-O 9. O-O Nxd4 10. Bxd4 b6 11. f3 Bb7 12. Qd2 Qd7 13. a4 h5 14. a5 Kh7 15.
axb6 a6 16. Rfd1 Rh8 17. Be3 Qc8 18. Ra5 Rd8 19. Rc1 Qd7 20. b4 Ne8 21. c5 1-0

[Event "MCR mladeze 2014, H16"]
[Site "Kouty nad Desnou"]
[Date "2014.03.15"]
[Round "9"]
[White "Petr, Jan"]
[Black "Ruzicka, Josef"]
[Result "1-0"]
[WhiteElo "2162"]
[BlackElo "2034"]
[PlyCount "95"]
[EventDate "2014.??.??"]

1. d4 Nf6 2. Nc3 d5 3. Bg5 Bf5 4. f3 c5 5. dxc5 d4 6. e4 dxc3 7. Qxd8+ Kxd8 8.
exf5 cxb2 9. Rb1 Nbd7 10. Bc4 Ke8 11. Nh3 g6 12. fxg6 hxg6 13. Bb5 Rc8 14. Rxb2
Rxc5 15. Bxf6 exf6 16. O-O Rd5 17. Nf4 Bc5+ 18. Kh1 Rd4 19. Nd3 Bb6 20. a4 Kf8
21. Bxd7 Rxd7 22. g3 Rh5 23. Re1 Rd4 24. Re4 Rxe4 25. fxe4 Ra5 26. Rb4 Be3 27.
Kg2 b6 28. Kf3 Bh6 29. Rc4 Ke7 30. Nb4 Kd6 31. Nc6 Rc5 32. Rxc5 Kxc5 33. Nxa7
Bf8 34. Ke2 Kb4 35. Kd3 Kxa4 36. Nc6 Kb5 37. Nd8 Kc5 38. Nxf7 Bg7 39. h4 Kc6
40. e5 fxe5 41. Ke4 Kc5 42. Nxe5 Bxe5 43. Kxe5 Kc4 44. Kf6 Kc3 45. Kxg6 Kxc2
46. h5 b5 47. h6 b4 48. h7 1-0

[Event "MCR mladeze 2014, H16"]
[Site "Kouty nad Desnou"]
[Date "2014.03.15"]
[Round "9"]
[White "Horak, Martin"]
[Black "Pulpan, Jakub"]
[Result "0-1"]
[WhiteElo "1852"]
[BlackElo "2146"]
[PlyCount "70"]
[EventDate "2014.??.??"]

1. e4 e5 2. Nc3 Nf6 3. Bc4 Bb4 4. d3 d5 5. exd5 Nxd5 6. Bd2 Be6 7. Nxd5 Bxd2+
8. Qxd2 Bxd5 9. Bxd5 Qxd5 10. Nf3 Nc6 11. a3 O-O 12. O-O Rfe8 13. Rfe1 Rad8 14.
Rad1 Re6 15. Qe3 Rde8 16. Qe4 Qd6 17. Ng5 Rg6 18. Qf5 Rf8 19. Ne4 Qd5 20. Ng3
Rf6 21. Qe4 Qb5 22. Qc4 Qxb2 23. Rb1 Qxa3 24. Rxb7 Rg6 25. Reb1 Na5 26. Qb4
Qxb4 27. R7xb4 Rb6 28. Nf5 Nc6 29. R4b3 Rfb8 30. Kf1 Rxb3 31. Rxb3 Rxb3 32.
cxb3 Nd4 33. Ne7+ Kf8 34. Nd5 c6 35. Nb4 a5 0-1

[Event "MCR mladeze 2014, H16"]
[Site "Kouty nad Desnou"]
[Date "2014.03.15"]
[Round "9"]
[White "Rydl, Jiri"]
[Black "Dvorak, Adam"]
[Result "1/2-1/2"]
[WhiteElo "2181"]
[BlackElo "2119"]
[PlyCount "67"]
[EventDate "2014.??.??"]

1. c4 c5 2. g3 Nf6 3. Bg2 e6 4. Nf3 a6 5. d4 cxd4 6. Nxd4 Qc7 7. b3 Bb4+ 8. Bd2
Be7 9. O-O Nc6 10. Bc3 O-O 11. Nd2 Rd8 12. N2f3 d5 13. Nxc6 bxc6 14. Qc2 c5 15.
cxd5 exd5 16. Rac1 Ne4 17. Be5 Qb6 18. Ne1 Bf5 19. Qb2 Rac8 20. Nd3 f6 21. Bc3
d4 22. Bd2 Kh8 23. Qc2 Nd6 24. Qd1 Nb5 25. Qe1 Qb8 26. Ba5 Re8 27. Qd1 Bd6 28.
Re1 Na3 29. Nb2 Qb5 30. Qd2 c4 31. bxc4 Nxc4 32. Nxc4 Rxc4 33. Rxc4 Qxc4 34.
Bf3 1/2-1/2

[Event "MCR mladeze 2014, H16"]
[Site "Kouty nad Desnou"]
[Date "2014.03.15"]
[Round "9"]
[White "Reznicek, Dominik"]
[Black "Havelka, Jan"]
[Result "1/2-1/2"]
[WhiteElo "1799"]
[BlackElo "1833"]
[PlyCount "100"]
[EventDate "2014.??.??"]

1. e4 c5 2. c3 e6 3. Nf3 d5 4. exd5 exd5 5. d4 Nf6 6. Be3 cxd4 7. Nxd4 Nc6 8.
h3 Bd6 9. Bd3 O-O 10. O-O Ne5 11. Bf5 Nc4 12. Bc1 Re8 13. Nd2 Bc5 14. Nxc4 dxc4
15. Bxc8 Rxc8 16. Be3 Nd5 17. Qf3 Qd7 18. Rad1 Nxe3 19. fxe3 Bxd4 20. exd4 Rc6
21. Rde1 Rce6 22. Rxe6 Rxe6 23. Qg3 Qd6 24. Qxd6 Rxd6 25. Rf5 b6 26. Re5 Kf8
27. Kf2 f6 28. Re2 Kf7 29. Kf3 b5 30. g4 a5 31. a3 g6 32. h4 h6 33. Kf4 b4 34.
axb4 axb4 35. cxb4 Rxd4+ 36. Re4 g5+ 37. hxg5 hxg5+ 38. Kf3 Rd3+ 39. Re3 Rd2
40. b3 cxb3 41. Rxb3 Ke6 42. b5 Kd7 43. b6 Kc8 44. Ke4 Kb7 45. Kf5 Rf2+ 46. Kg6
Rf4 47. Rb5 Rxg4 48. Kxf6 Rg1 49. Rxg5 Rxg5 50. Kxg5 Kxb6 1/2-1/2

[Event "MCR mladeze 2014, H16"]
[Site "Kouty nad Desnou"]
[Date "2014.03.15"]
[Round "9"]
[White "Havelka, Josef"]
[Black "Kratochvil, Vit"]
[Result "0-1"]
[WhiteElo "1988"]
[BlackElo "2051"]
[PlyCount "52"]
[EventDate "2014.??.??"]

1. e4 c5 2. Nf3 d6 3. d4 cxd4 4. Nxd4 Nf6 5. Nc3 g6 6. f4 Nbd7 7. Qf3 Bg7 8.
Be3 O-O 9. O-O-O a5 10. g4 a4 11. a3 Nc5 12. g5 Nh5 13. e5 Ne6 14. exd6 exd6
15. Ndb5 Bd7 16. Qxb7 Bxb5 17. Nxb5 Nhxf4 18. h4 d5 19. Rh2 Rb8 20. Qa6 d4 21.
Rhd2 Qd5 22. Nc3 Qf3 23. Bxf4 dxc3 24. Bxb8 cxd2+ 25. Rxd2 Rxb8 26. c3 Nc5 0-1

[Event "MCR mladeze 2014, H16"]
[Site "Kouty nad Desnou"]
[Date "2014.03.15"]
[Round "9"]
[White "Horak, Ales"]
[Black "Filip, Vojtech"]
[Result "1-0"]
[WhiteElo "1957"]
[BlackElo "1883"]
[PlyCount "49"]
[EventDate "2014.??.??"]

1. e4 c6 2. d4 d5 3. e5 Bf5 4. Nc3 e6 5. g4 Bg6 6. Nge2 h6 7. Nf4 Bh7 8. Bd3
Bxd3 9. Qxd3 Qb6 10. Bd2 Nd7 11. g5 hxg5 12. Nxe6 fxe6 13. Qg6+ Kd8 14. Bxg5+
Kc7 15. O-O-O c5 16. dxc5 Nxc5 17. Rxd5 Qc6 18. Qf7+ Kb6 19. Rhd1 exd5 20.
Nxd5+ Kb5 21. Nc7+ Qxc7 22. Qxc7 Rxh2 23. a4+ Ka6 24. b4 Nxa4 25. Qa5# 1-0

[Event "MCR mladeze 2014, H16"]
[Site "Kouty nad Desnou"]
[Date "2014.03.15"]
[Round "9"]
[White "Bares, Jachym"]
[Black "Miculka, David"]
[Result "1/2-1/2"]
[WhiteElo "1736"]
[BlackElo "1931"]
[PlyCount "116"]
[EventDate "2014.??.??"]

1. e4 c5 2. Nf3 Nc6 3. d4 cxd4 4. Nxd4 Nf6 5. Nc3 e5 6. Ndb5 d6 7. Nd5 Nxd5 8.
exd5 Nb8 9. c4 Be7 10. Be2 a6 11. Nc3 O-O 12. O-O f5 13. f4 Bf6 14. Qc2 g6 15.
g3 Nd7 16. Kh1 exf4 17. gxf4 Re8 18. Bd2 Bg7 19. Rae1 Nf6 20. Bf3 Bd7 21. Rxe8+
Nxe8 22. b3 b5 23. Qd3 bxc4 24. bxc4 Rc8 25. Rc1 Qb6 26. Be3 Qb4 27. Ne2 Nf6
28. Qb3 Qxb3 29. axb3 Re8 30. Bd4 Ne4 31. Kg2 Nd2 32. Bxg7 Kxg7 33. Rc3 Rb8 34.
Nd4 a5 35. Rd3 Nxf3 36. Kxf3 a4 37. bxa4 Rb4 38. Ne6+ Kf6 39. c5 Bxe6 40. dxe6
dxc5 41. Ra3 Kxe6 42. a5 Rb7 43. Ke3 Kd5 44. a6 Ra7 45. Kd3 c4+ 46. Ke3 Kc5 47.
Kd2 Kb4 48. Ra1 Kb3 49. Rb1+ Ka4 50. Kc3 Rxa6 51. Ra1+ Kb5 52. Rxa6 Kxa6 53.
Kxc4 Kb6 54. Kd5 Kc7 55. Ke6 g5 56. Kxf5 gxf4 57. Kxf4 Kd7 58. Kg5 Ke7 1/2-1/2

[Event "MCR mladeze 2014, H16"]
[Site "Kouty nad Desnou"]
[Date "2014.03.15"]
[Round "9"]
[White "Kozusek, Daniel"]
[Black "Skorepa, Jakub"]
[Result "1-0"]
[WhiteElo "2133"]
[BlackElo "1797"]
[PlyCount "41"]
[EventDate "2014.??.??"]

1. d4 Nf6 2. Nf3 g6 3. c4 Bg7 4. Nc3 d5 5. Qb3 e6 6. Bg5 c6 7. Ne5 Qb6 8. c5
Qxb3 9. axb3 Nfd7 10. Nf3 e5 11. e3 Na6 12. Bxa6 bxa6 13. O-O Rb8 14. Ra3 f5
15. dxe5 Nxe5 16. Nd4 Kd7 17. Bf4 Ra8 18. Rd1 Re8 19. f3 Bf8 20. Ra5 Bg7 21. e4
1-0

[Event "MCR mladeze 2014, H16"]
[Site "Kouty nad Desnou"]
[Date "2014.03.15"]
[Round "9"]
[White "Kula, Dominik"]
[Black "Kladnak, Martin"]
[Result "1/2-1/2"]
[WhiteElo "1971"]
[BlackElo "1713"]
[PlyCount "100"]
[EventDate "2014.??.??"]

1. e4 e5 2. Nf3 Nc6 3. Bb5 d6 4. O-O Nf6 5. d4 exd4 6. Nxd4 Bd7 7. Bxc6 bxc6 8.
Nc3 Be7 9. f4 O-O 10. Kh1 c5 11. Nf3 Bc6 12. Qe1 Re8 13. e5 Bf8 14. Qg3 Ne4 15.
Nxe4 Bxe4 16. b3 g6 17. Bb2 Bg7 18. c4 a5 19. Rae1 Bf5 20. Nh4 Qd7 21. Qf3 a4
22. Nxf5 Qxf5 23. g4 Qd7 24. f5 dxe5 25. f6 Bf8 26. Rxe5 axb3 27. axb3 Ra2 28.
Rd1 Bd6 29. Bc3 Qc8 30. Rxe8+ Qxe8 31. h3 Qe2 32. Qxe2 Rxe2 33. Ra1 h6 34. Ra8+
Kh7 35. Rc8 g5 36. Ba5 Rh2+ 37. Kg1 Rxh3 38. Bxc7 Bxc7 39. Rxc7 Kg6 40. Rxc5
Rxb3 41. Kg2 Kxf6 42. Rc6+ Ke5 43. Rxh6 f6 44. Rh1 Rc3 45. Re1+ Kf4 46. Rf1+
Kxg4 47. Rxf6 Rxc4 48. Rf2 Kh4 49. Rb2 g4 50. Ra2 Kg5 1/2-1/2

[Event "MCR mladeze 2014, H16"]
[Site "Kouty nad Desnou"]
[Date "2014.03.15"]
[Round "9"]
[White "Krcil, Ales"]
[Black "Krutsky, Martin"]
[Result "1/2-1/2"]
[WhiteElo "1698"]
[BlackElo "1800"]
[PlyCount "39"]
[EventDate "2014.??.??"]

1. e4 c5 2. c3 d5 3. exd5 Qxd5 4. d4 g6 5. Nf3 Bg7 6. Na3 cxd4 7. Bc4 Qe4+ 8.
Be3 Nh6 9. cxd4 O-O 10. O-O Bg4 11. Ng5 Bxd1 12. Nxe4 Bg4 13. h3 Bf5 14. Nc5
Nc6 15. Rfd1 Na5 16. Bd5 Rfd8 17. Bf3 Rac8 18. Rac1 b6 19. Na4 Bd7 20. Nc3
1/2-1/2

[Event "MCR mladeze 2014, H16"]
[Site "Kouty nad Desnou"]
[Date "2014.03.15"]
[Round "9"]
[White "Zeman, Radek"]
[Black "Stepan, Patrik"]
[Result "1-0"]
[WhiteElo "1902"]
[BlackElo "1758"]
[PlyCount "53"]
[EventDate "2014.??.??"]

1. e4 c5 2. Nf3 e6 3. d3 d5 4. Nbd2 Nc6 5. g3 Nf6 6. Bg2 g6 7. O-O Bg7 8. Re1
O-O 9. Qe2 Re8 10. Nf1 h6 11. h4 Rb8 12. e5 Nd7 13. Bf4 b5 14. N1h2 Qc7 15. Ng4
Kh7 16. Qd2 h5 17. Nf6+ Bxf6 18. exf6 e5 19. Ng5+ Kg8 20. Bxd5 Nd8 21. Nxf7
Nxf7 22. Bxe5 Rxe5 23. Qh6 Rxe1+ 24. Rxe1 Nxf6 25. Qxg6+ Kf8 26. Qxf6 Bg4 27.
Bxf7 1-0

[Event "MCR mladeze 2014, H16"]
[Site "Kouty nad Desnou"]
[Date "2014.03.15"]
[Round "9"]
[White "Krajicek, Filip"]
[Black "Stuchly, Ondrej"]
[Result "0-1"]
[WhiteElo "1671"]
[BlackElo "1791"]
[PlyCount "86"]
[EventDate "2014.??.??"]

1. d4 d5 2. Nf3 Nf6 3. e3 e6 4. Bd3 Be7 5. O-O O-O 6. Re1 c5 7. c3 Nc6 8. Nbd2
b6 9. Ne5 Nxe5 10. dxe5 Nd7 11. Nf3 Qc7 12. e4 Bb7 13. exd5 exd5 14. Qc2 h6 15.
Bh7+ Kh8 16. e6 fxe6 17. Rxe6 Nf6 18. Ne5 Bd6 19. Ng6+ Kxh7 20. Nxf8+ Kg8 21.
Qg6 Rxf8 22. Bxh6 Ne4 23. Rxd6 Nxd6 24. Bxg7 Qxg7 25. Qxd6 d4 26. Qe6+ Rf7 27.
g3 Qf6 28. Qxf6 Rxf6 29. cxd4 cxd4 30. Rd1 Bf3 31. Rd3 Bd5 32. Rxd4 Bxa2 33.
Rd8+ Kg7 34. Rd7+ Rf7 35. Rd6 Bc4 36. f4 b5 37. Kf2 Re7 38. Kf3 a5 39. Rd2 Kf6
40. g4 b4 41. Rd6+ Re6 42. Rxe6+ Bxe6 43. h3 a4 0-1

[Event "MCR junioru 2014"]
[Site "Kouty nad Desnou"]
[Date "2014.03.07"]
[Round "1"]
[White "Kozel, Jiri"]
[Black "Nguyen, Thai Dai Van"]
[Result "1/2-1/2"]
[WhiteElo "2047"]
[BlackElo "2206"]
[PlyCount "43"]
[EventDate "2014.03.07"]

1. e4 c5 2. Nf3 d6 3. d4 cxd4 4. Nxd4 Nf6 5. Nc3 a6 6. Be2 e5 7. Nb3 Be7 8. f4
O-O 9. a4 Nc6 10. O-O Be6 11. f5 Bxb3 12. cxb3 d5 13. exd5 Bc5+ 14. Kh1 Nd4 15.
Bg5 Be7 16. Be3 Nxe2 17. Qxe2 Nxd5 18. Rad1 Nxc3 19. bxc3 Qc7 20. c4 Rfd8 21.
Qf3 Rac8 22. Qe4 1/2-1/2

[Event "MCR junioru 2014"]
[Site "Kouty nad Desnou"]
[Date "2014.03.07"]
[Round "1"]
[White "Mikes, Jan"]
[Black "Szotkowski, Jakub"]
[Result "0-1"]
[WhiteElo "2062"]
[BlackElo "2178"]
[PlyCount "86"]
[EventDate "2014.03.07"]

1. e4 c5 2. Nf3 e6 3. d4 cxd4 4. Nxd4 Nc6 5. Nc3 Qc7 6. Be2 a6 7. O-O Nf6 8.
Be3 Be7 9. f4 d6 10. Kh1 O-O 11. Nb3 b5 12. Bf3 Bb7 13. Qe2 Rac8 14. Qf2 Qb8
15. Rae1 Nd7 16. Qg3 Bf6 17. e5 dxe5 18. Ne4 Be7 19. Rd1 Nf6 20. Nec5 e4 21.
Nxe4 Nd5 22. Rxd5 exd5 23. Nec5 Rfd8 24. Bg4 Rc7 25. f5 Bd6 26. Qh3 d4 27. Bg5
f6 28. Bd2 Bc8 29. Ne4 Re7 30. Bf3 Ne5 31. Nxd4 Nxf3 32. gxf3 Qc7 33. c3 Be5
34. Be3 Bxd4 35. Bxd4 Qc6 36. Qg4 Kh8 37. Qh4 Bxf5 38. Nxf6 Rxd4 39. Qxd4 gxf6
40. Qf4 Bg6 41. Rd1 Qe6 42. Qh6 Re8 43. Rg1 Qf5 0-1

[Event "MCR junioru 2014"]
[Site "Kouty nad Desnou"]
[Date "2014.03.07"]
[Round "1"]
[White "Kriebel, Tadeas"]
[Black "Balacek, Tadeas"]
[Result "1-0"]
[WhiteElo "2375"]
[BlackElo "2234"]
[PlyCount "98"]
[EventDate "2014.03.07"]

1. e4 e6 2. d4 d5 3. Nc3 Nc6 4. e5 Nge7 5. Nf3 Nf5 6. h4 b6 7. h5 h6 8. a3 Bb7
9. g4 Nfe7 10. Bd3 Qd7 11. Bd2 f6 12. Bf4 O-O-O 13. Qe2 fxe5 14. Bxe5 Nxe5 15.
Nxe5 Qe8 16. O-O-O Kb8 17. Rhe1 c5 18. dxc5 bxc5 19. Bb5 Nc6 20. Ng6 Rg8 21.
Nxd5 Qf7 22. Bxc6 exd5 23. Qb5 a6 24. Qxb7+ Qxb7 25. Bxb7 Kxb7 26. c4 d4 27.
Re6 Bd6 28. Kd2 Rge8 29. Rxe8 Rxe8 30. Re1 Rb8 31. Kc2 Kc6 32. Re2 a5 33. Nh4
a4 34. Nf5 Bf4 35. Re4 Bg5 36. f4 Bf6 37. Re6+ Kd7 38. Rd6+ Kc7 39. Rd5 d3+ 40.
Kxd3 Rxb2 41. g5 Rb3+ 42. Ke4 Bb2 43. Rxc5+ Kb6 44. Rc8 hxg5 45. fxg5 Bxa3 46.
Ra8 Bc1 47. g6 a3 48. h6 gxh6 49. g7 Re3+ 1-0

[Event "MCR junioru 2014"]
[Site "Kouty nad Desnou"]
[Date "2014.03.07"]
[Round "1"]
[White "Rubes, Jan"]
[Black "Blahynka, Martin"]
[Result "1/2-1/2"]
[WhiteElo "2163"]
[BlackElo "2191"]
[PlyCount "93"]
[EventDate "2014.03.07"]

1. g3 e5 2. Bg2 Nf6 3. c4 d5 4. cxd5 Nxd5 5. Nc3 Nb6 6. Nf3 Nc6 7. d3 Be7 8.
O-O O-O 9. Be3 Be6 10. Ne4 Bd5 11. Nc3 Be6 12. a3 f6 13. Rc1 Re8 14. Na4 Nxa4
15. Qxa4 Qd7 16. Rfe1 Rad8 17. Nd2 Bd5 18. Bxd5+ Qxd5 19. Qc4 f5 20. b4 a6 21.
Nb3 Qxc4 22. Rxc4 Rd7 23. Kf1 Nd8 24. Rec1 Ne6 25. Nc5 Bxc5 26. Bxc5 g5 27. g4
f4 28. f3 c6 29. Bf2 Nc7 30. h4 gxh4 31. Bxh4 Nd5 32. Bf2 h5 33. gxh5 Rh7 34.
Kg2 Rxh5 35. Rg1 Kf7 36. Kf1 Rh2 37. a4 Reh8 38. Re4 R8h5 39. d4 Nc3 40. Rxe5
Rxe5 41. dxe5 Ke6 42. Rg7 Nxa4 43. Rxb7 Rh1+ 44. Kg2 Rb1 45. Ra7 Rxb4 46. Rxa6
Rc4 47. Ra5 1/2-1/2

[Event "MCR junioru 2014"]
[Site "Kouty nad Desnou"]
[Date "2014.03.07"]
[Round "1"]
[White "Marek, Matyas"]
[Black "Plat, Vojtech"]
[Result "0-1"]
[WhiteElo "2077"]
[BlackElo "2464"]
[PlyCount "186"]
[EventDate "2014.03.07"]

1. e4 c5 2. Nf3 Nc6 3. d4 cxd4 4. Nxd4 e5 5. Nb5 a6 6. Nd6+ Bxd6 7. Qxd6 Qf6 8.
Qd1 Qg6 9. Nc3 d5 10. Nxd5 Qxe4+ 11. Be2 Nd4 12. Nc7+ Ke7 13. f3 Qc6 14. Nxa8
Nxc2+ 15. Kf2 Nxa1 16. Bg5+ f6 17. Qxa1 fxg5 18. Rc1 Qe6 19. a4 Bd7 20. Qa3+
Qd6 21. Qe3 Qd4 22. Qxd4 exd4 23. Nb6 Nf6 24. Rd1 Bc6 25. Rxd4 h5 26. Bc4 g4
27. Nd5+ Bxd5 28. Bxd5 Rd8 29. Rb4 Rxd5 30. Rxb7+ Nd7 31. fxg4 hxg4 32. Kg3 Rd4
33. b4 Kf6 34. Ra7 Kf5 35. Rxa6 Rxb4 36. Ra5+ Ne5 37. Ra8 Rb3+ 38. Kf2 Ke4 39.
a5 Nd3+ 40. Kg3 Kf5 41. a6 Kg5 42. Rg8 Ne5+ 43. Kf2 Ra3 44. Rxg7+ Kf4 45. a7
Ra2+ 46. Kg1 Ke3 47. h3 gxh3 48. Kh2 hxg2 49. Rxg2 Rxa7 50. Rb2 Rg7 51. Rb3+
Nd3 52. Kh3 Ke4 53. Kh2 Nc5 54. Ra3 Kf4 55. Ra8 Nd3 56. Rf8+ Ke3 57. Ra8 Kf3
58. Ra3 Rd7 59. Kg1 Ke2 60. Ra2+ Ke3 61. Ra3 Rg7+ 62. Kh2 Ke4 63. Ra4+ Kf5 64.
Ra5+ Kg4 65. Ra4+ Nf4 66. Ra3 Rh7+ 67. Kg1 Re7 68. Kf1 Re4 69. Ra8 Nd3 70. Rg8+
Kf3 71. Rf8+ Nf4 72. Ra8 Re3 73. Ra7 Rd3 74. Kg1 Rd1+ 75. Kh2 Rd2+ 76. Kh1 Rd8
77. Rf7 Rg8 78. Kh2 Rg2+ 79. Kh1 Rg4 80. Rh7 Kf2 81. Kh2 Rg8 82. Rh6 Ng6 83.
Rh5 Nf4 84. Rh7 Kf1 85. Rf7 Rg2+ 86. Kh1 Rf2 87. Ra7 Rf3 88. Ra1+ Kf2 89. Ra2+
Kg3 90. Ra1 Kh3 91. Rb1 Ne2 92. Ra1 Rf2 93. Ra3+ Ng3+ 0-1

[Event "MCR junioru 2014"]
[Site "Kouty nad Desnou"]
[Date "2014.03.07"]
[Round "1"]
[White "Kraus, Tomas"]
[Black "Machan, Jan"]
[Result "1/2-1/2"]
[WhiteElo "2323"]
[BlackElo "2148"]
[PlyCount "102"]
[EventDate "2014.03.07"]

1. d4 d5 2. c4 c6 3. Nf3 Nf6 4. Nc3 dxc4 5. a4 Bf5 6. Nh4 Be6 7. e4 g6 8. Nf3
Na6 9. Ne5 Bg7 10. Nxc4 Nb4 11. Be3 Ng4 12. Na2 Nxe3 13. fxe3 Nxa2 14. Rxa2 b5
15. axb5 cxb5 16. d5 Bd7 17. Na5 Qb6 18. Qb3 O-O 19. Be2 Rac8 20. O-O Bh6 21.
Kh1 Qxe3 22. Qxe3 Bxe3 23. Nc6 Bxc6 24. dxc6 Rxc6 25. Bxb5 Rc2 26. Ba6 Bd4 27.
Ra4 Bxb2 28. Rb4 Be5 29. Bc4 Bd6 30. Ra4 Kg7 31. Bd5 Rc7 32. g3 f6 33. Rfa1 Rc2
34. Rxa7 Rb8 35. R7a2 Rxa2 36. Rxa2 Rc8 37. Kg2 Rb8 38. Rc2 h5 39. Ra2 Kh6 40.
Rc2 Kg5 41. Kh3 Rh8 42. Be6 Ra8 43. Rc8 Rxc8 44. Bxc8 f5 45. Bb7 e6 46. Kg2 Kf6
47. h3 Ke5 48. Kf3 Be7 49. Bc6 g5 50. exf5 exf5 51. Be8 h4 1/2-1/2

[Event "MCR junioru 2014"]
[Site "Kouty nad Desnou"]
[Date "2014.03.08"]
[Round "2"]
[White "Nguyen, Thai Dai Van"]
[Black "Machan, Jan"]
[Result "1-0"]
[WhiteElo "2206"]
[BlackElo "2148"]
[PlyCount "83"]
[EventDate "2014.03.07"]

1. e4 e5 2. Nf3 Nf6 3. Nxe5 d6 4. Nf3 Nxe4 5. Nc3 Nf6 6. d4 d5 7. h3 Bf5 8. Bg5
Be7 9. Bd3 Bxd3 10. Qxd3 c6 11. O-O O-O 12. Rfe1 Nbd7 13. Re2 Bb4 14. Ne5 Qc7
15. Nxd7 Nxd7 16. Rae1 f6 17. Bh4 Bd6 18. Bg3 Bxg3 19. fxg3 Rf7 20. Kh2 Raf8
21. Re7 Qd6 22. R7e6 Qb4 23. a3 Qxb2 24. a4 Qb4 25. Rb1 Qa5 26. Rxb7 Nc5 27.
dxc5 Rxb7 28. Rxc6 Rd7 29. Nxd5 Rfd8 30. Rd6 Qxa4 31. c4 Rxd6 32. cxd6 Qd7 33.
c5 Kh8 34. Ne7 Qe6 35. Nc6 Rd7 36. Nd4 Qe8 37. Qb5 Qc8 38. Nf5 a6 39. Qb6 Rd8
40. c6 g6 41. d7 Qa8 42. c7 1-0

[Event "MCR junioru 2014"]
[Site "Kouty nad Desnou"]
[Date "2014.03.08"]
[Round "2"]
[White "Plat, Vojtech"]
[Black "Kraus, Tomas"]
[Result "1-0"]
[WhiteElo "2464"]
[BlackElo "2323"]
[PlyCount "71"]
[EventDate "2014.03.07"]

1. b3 d5 2. Bb2 Bg4 3. h3 Bh5 4. g4 Bg6 5. Nf3 e6 6. Bg2 Nd7 7. c4 c6 8. d3 h6
9. Nbd2 Ngf6 10. O-O Be7 11. e4 dxe4 12. Nxe4 Nxe4 13. dxe4 O-O 14. Qe2 Qc7 15.
Rfd1 Rfd8 16. Qe3 a5 17. h4 Bf6 18. e5 Be7 19. h5 Bh7 20. g5 hxg5 21. Nxg5 Bf5
22. Qg3 Nc5 23. h6 Bg6 24. Ne4 Rxd1+ 25. Rxd1 Rd8 26. Nd6 gxh6 27. Qe3 b6 28.
Qxh6 Bf8 29. Qg5 Be7 30. Qg3 Nd7 31. Qf3 c5 32. Qb7 Qb8 33. Bc6 Nxe5 34. Qxb8
Nxc6 35. Qc7 Be4 36. Nxe4 1-0

[Event "MCR junioru 2014"]
[Site "Kouty nad Desnou"]
[Date "2014.03.08"]
[Round "2"]
[White "Blahynka, Martin"]
[Black "Marek, Matyas"]
[Result "1/2-1/2"]
[WhiteElo "2191"]
[BlackElo "2077"]
[PlyCount "114"]
[EventDate "2014.03.07"]

1. d4 Nf6 2. c4 g6 3. Nc3 Bg7 4. e4 d6 5. Nf3 O-O 6. Be2 e5 7. O-O Nc6 8. d5
Ne7 9. b4 Ne8 10. c5 f5 11. Ng5 h6 12. Ne6 Bxe6 13. dxe6 fxe4 14. cxd6 Nxd6 15.
Be3 Nef5 16. Qc2 Nxe3 17. fxe3 Qg5 18. Kh1 Nf5 19. Qxe4 c6 20. Rae1 Kh7 21. Bf3
Qe7 22. Qc4 Nd6 23. Qb3 Rf6 24. Bg4 Raf8 25. Qb1 e4 26. Ne2 Nc4 27. Rxf6 Qxf6
28. Ng3 Nd2 29. Qd1 Rd8 30. Qe2 h5 31. Bh3 Bf8 32. Nxh5 gxh5 33. Qxh5+ Kg8 34.
Bf5 Bg7 35. Rd1 Rd5 36. Bh7+ Kf8 37. Qe2 Qb2 38. Qf2+ Nf3 39. Qf1 Rxd1 40. Qxd1
Qd2 41. Qf1 Qxe3 42. gxf3 exf3 43. Bc2 Ke7 44. Qg1 Qxg1+ 45. Kxg1 Bd4+ 46. Kf1
Kxe6 47. Be4 f2 48. a4 a6 49. b5 cxb5 50. axb5 a5 51. Bxb7 Ke5 52. Bf3 a4 53.
Bd1 a3 54. Bb3 Kf5 55. Ke2 Kg4 56. Be6+ Kh4 57. Kf1 Bb6 1/2-1/2

[Event "MCR junioru 2014"]
[Site "Kouty nad Desnou"]
[Date "2014.03.08"]
[Round "2"]
[White "Balacek, Tadeas"]
[Black "Rubes, Jan"]
[Result "1/2-1/2"]
[WhiteElo "2234"]
[BlackElo "2163"]
[PlyCount "71"]
[EventDate "2014.03.07"]

1. d4 Nf6 2. Nf3 c5 3. d5 d6 4. c4 b5 5. cxb5 a6 6. bxa6 Bxa6 7. Nc3 g6 8. e4
Bxf1 9. Kxf1 Bg7 10. g3 O-O 11. Kg2 Na6 12. Qe2 Qb6 13. Rb1 Nd7 14. Bd2 Nb4 15.
a4 Nc2 16. b3 Na3 17. Rb2 Rfb8 18. Ra1 Nb5 19. Qe1 Nd4 20. Nxd4 Bxd4 21. Rbb1
Qa6 22. Ra2 Ne5 23. Qe2 Nd3 24. Rc2 Nb4 25. Qxa6 Rxa6 26. Rcc1 Nd3 27. Rf1 Bxc3
28. Bxc3 Rab6 29. Rfd1 c4 30. b4 Nxb4 31. a5 Rb5 32. Rxb4 Rxb4 33. Bxb4 Rxb4
34. Ra1 c3 35. a6 Rb8 36. Kf3 1/2-1/2

[Event "MCR junioru 2014"]
[Site "Kouty nad Desnou"]
[Date "2014.03.08"]
[Round "2"]
[White "Szotkowski, Jakub"]
[Black "Kriebel, Tadeas"]
[Result "0-1"]
[WhiteElo "2178"]
[BlackElo "2375"]
[PlyCount "114"]
[EventDate "2014.03.07"]

1. Nf3 Nf6 2. c4 g6 3. Nc3 d5 4. Qa4+ Bd7 5. Qb3 dxc4 6. Qxc4 Bg7 7. e4 O-O 8.
e5 Be6 9. Qh4 Nd5 10. Ng5 h6 11. Nxe6 fxe6 12. d3 Rf5 13. Be2 g5 14. Qh3 Nc6
15. O-O Nxe5 16. Ne4 Nf4 17. Bxf4 gxf4 18. g4 f3 19. gxf5 fxe2 20. Rfe1 Nxd3
21. f6 exf6 22. Qxe6+ Kh8 23. Ng3 Nxe1 24. Rxe1 Qd1 25. Qxe2 Qxe2 26. Rxe2 Bf8
27. Nh5 Kh7 28. Nxf6+ Kg6 29. Ng4 h5 30. Ne5+ Kf5 31. Nc4 Rd8 32. Kg2 Kf6 33.
b3 a6 34. f3 Bh6 35. Rc2 Rd5 36. Kg3 Kf5 37. Re2 Bf4+ 38. Kg2 b5 39. Na3 c5 40.
Nc2 Rd3 41. Ne1 Rd1 42. Nc2 Rd3 43. Ne1 Rd5 44. Nc2 Kg5 45. Kh3 Rd3 46. Ne1 Rd2
47. Rxd2 Bxd2 48. Nc2 Kf4 49. Kg2 h4 50. Kf2 h3 51. Ke2 Bc1 52. a4 Ke5 53. axb5
axb5 54. Kd3 Bf4 55. Ne3 Bxe3 56. Kxe3 Kf5 57. f4 b4 0-1